000 00734nam a2200229Ii 4500
003 JO-AjNU
008 230605s9999||||xx |||||||||||||| ||und||
017 _a2013/636
020 _a978-99966-38-21-3
040 _aJO-AjNU
_bara
_erda
_cJO-AjNU
041 _aara
050 1 4 _aBP170.25.2014
100 3 _aالأمانة العامة للأوقاف,
_eauthor
_950885
245 0 0 _aمعجم تراجم: أعلام الوقف
250 _aط1
264 3 1 _aالكويت: الأمانة العامة للأوقاف،2014
300 _a533ص
336 _atext
_btxt
_2rdacontent
337 _aunmediated
_bn
_2rdamedia
338 _avolume
_bnc
_2rdacarrier
650 4 _aتراجم -- أعلام الوقف-- الكويت
_950886
999 _aA22443
_c26011
_d26011